000
00277nam a22001217a 4500
020
_a
0-435-50207-7
082
_a
516.24 CLA'T
100
_a
CLARKE, L. H
_9
76364
245
_a
TRIGNOMETRY AT ORDINARY LEVEL
260
_a
LONDON
_b
HEINEMAN
_c
1974
300
_a
161P
942
_c
BK
999
_c
582984
_d
582984